000 00226 a2200097 4500
001 57097
100 _a
245 _a Bourne Betrayal; A New Jason Bourne novel
260 _auk
_bMackays
_c1998
090 _c35027
_d35027
942 _aNUST-CAE
_cMONOGRAPH
_c27811
999 _c292170
_d292170